[Event "1st WMSG Blitz Team"]
[Site "Beijing CHN"]
[Date "2008.10.13"]
[Round "7"]
[White "Neubauer,M"]
[Black "Savickas,A"]
[Result "1-0"]
[WhiteElo "2422"]
[BlackElo "2358"]

1.d4 Nf6 2.Nf3 g6 3.c4 Bg7 4.Nc3 d6 5.e4 O-O 6.Be2 e5 7.Be3 c6 8.d5 c5 9.Nd2 Ne8
10.O-O f5 11.exf5 gxf5 12.f4 e4 13.g4 fxg4 14.Bxg4 Nf6 15.Bxc8 Qxc8 16.Ndxe4 Nxe4
17.Nxe4 Qf5 18.Ng5 Nd7 19.Qf3 Rae8 20.Kh1 b5 21.cxb5 Kh8 22.Ne6 Rg8 23.Nxg7 Rxg7
24.Bd2 Nf6 25.Bc3 Rg6 26.Rae1 Rf8 27.Re6 Kg8 28.Rxd6 Ne4 29.Rxg6+ hxg6 30.Rg1 Qxd5
31.Rxg6+ Kf7 32.Rg7+ Ke8 33.Kg1 Rg8 34.Rxg8+ Qxg8+ 35.Kf1 Qd5 36.Qe3 Kd7
37.Ke1 Qf5 38.Qd3+ Kc8 39.Be5 Qh7 40.Qd5 Qh4+ 41.Ke2 Qf2+ 42.Kd3 c4+ 43.Kxe4 Qe2+
44.Kd4 Qd3+ 45.Kc5 Qe3+ 46.Kd6 Qb6+ 47.Qc6+ Qxc6+ 48.bxc6  1-0

[Event "1st WMSG Blitz Team w"]
[Site "Beijing CHN"]
[Date "2008.10.13"]
[Round "10"]
[White "Johansson,V"]
[Black "Ziogaite,J"]
[Result "0-1"]
[WhiteElo "2179"]
[BlackElo "2093"]

1.d4 Nf6 2.c4 g6 3.Nc3 Bg7 4.e4 d6 5.Be2 O-O 6.Nf3 Nbd7 7.O-O e5 8.Re1 exd4
9.Nxd4 Nc5 10.Bf1 a5 11.f3 Nh5 12.Be3 Be5 13.Nde2 Ne6 14.g3 g5 15.Bg2 h6
16.Nd4 c6 17.Nf5 Qf6 18.Rc1 Neg7 19.Nxg7 Kxg7 20.f4 gxf4 21.Qxh5 fxe3 22.Rxe3 Bd4
23.Qe2 Qg5 24.Re1 Bg4 25.Qd3 Bxe3+ 26.Qxe3 Qxe3+ 27.Rxe3 Rae8 28.h3 Bh5 29.Kf2 Bg6
30.g4 Re7 31.Bf3 Rb8 32.h4 b5 33.cxb5 cxb5 34.h5 Bh7 35.Nd5 Ree8 36.Kg3 Rbc8
37.Nc3 b4 38.Nb5 Rc2 39.Nxd6 Rd8 40.Nf5+ Bxf5 41.gxf5 Rxb2 42.e5 Rxa2 43.f6+ Kh8
44.Kf4 Rf2 45.Kg3 Rfd2 46.Kf4 R2d3 47.Re2 b3 48.Be4 Rd2 49.Re3 b2 50.Rg3 Rd1
51.Rg7 Rf1+ 52.Ke3 Re1+ 53.Kf3 Rxe4 54.Kxe4 b1=Q+ 55.Kf4 Rd4+ 56.Ke3 Qd3+
57.Kf2 Rf4+ 58.Ke1 Rf1+  0-1

[Event "1st WMSG Blitz Team"]
[Site "Beijing CHN"]
[Date "2008.10.13"]
[Round "10"]
[White "Demac,E"]
[Black "Esenov,An"]
[Result "0-1"]
[WhiteElo "1993"]
[BlackElo "2319"]

1.d4 Nf6 2.Nf3 g6 3.c4 Bg7 4.Nc3 O-O 5.e4 d6 6.Be2 e5 7.d5 Nbd7 8.Be3 Nc5
9.Nd2 a5 10.b3 c6 11.a3 cxd5 12.cxd5 Bd7 13.Bxc5 dxc5 14.a4 Ne8 15.Nb5 f5
16.O-O Bxb5 17.Bxb5 Nd6 18.Bd3 Rc8 19.Nc4 fxe4 20.Nxd6 Qxd6 21.Bxe4 c4 22.Rb1 b6
23.Qe2 c3 24.Rfc1 Rc7 25.Rc2 Rfc8 26.Qd3 Bf8 27.Rf1 Qc5 28.Qh3 Qd4 29.Qd3 Qxd3
30.Bxd3 Kg7 31.Bc4 Bd6 32.Bd3 Rc5 33.Be4 R5c7 34.f3 Bc5+ 35.Kh1 Bd4 36.Rd1 Kf6
37.Rd3 Rc5 38.Rd1 h5 39.g3 g5 40.Kg2 R5c7 41.Rh1 Rb8 42.Rd1 b5 43.axb5 Rxb5
44.d6 Rc8 45.d7 Rd8 46.Bc6 Rxb3 47.Ba4 Rb2 48.Rxb2 cxb2 49.Rb1 Ke7 50.Kf1 Rb8
51.Ke2 Rb4 52.Bc6 Rc4 53.Bb5 Rc1 54.Bd3 Kxd7 55.Kd2 Rc5 56.Bf5+ Kd6 57.Bd3 a4
58.Rd1 a3 59.Bb1 Ke6 60.Ba2+ Kf6 61.Ke2 Rc2+ 62.Kd3 Rc1 63.Kd2 Bc3+ 64.Ke2 Bd4
65.Kd2 Rc3 66.Ke2 Rc2+ 67.Kd3 Rxh2 68.Ke4 Re2+ 69.Kd5 Rc2 70.f4 Rc1 71.fxe5+ Bxe5
72.Rd2 Bxg3 73.Rg2 Bf4 74.Kd4  0-1

[Event "Belgrade Premier League"]
[Site "Belgrade SRB"]
[Date "2008.10.13"]
[Round "9"]
[White "Nikolic,G"]
[Black "Ivanovic,N"]
[Result "0-1"]
[WhiteElo "2299"]
[BlackElo "2212"]

1.d4 Nf6 2.c4 g6 3.Nc3 Bg7 4.e4 d6 5.Nf3 O-O 6.Be2 e5 7.Be3 exd4 8.Nxd4 Re8
9.f3 Nc6 10.Nc2 Nh5 11.Qd2 f5 12.Bg5 Nf6 13.exf5 Bxf5 14.Ne3 Qd7 15.g4 Be6
16.O-O-O Qf7 17.f4 Na5 18.b3 b5 19.f5 b4 20.fxe6 Qxe6 21.Nb1 Ne4 22.Qd5 Nxg5
23.h4 Qxd5 24.Rxd5 Rxe3 25.Rxa5 Ne4 26.Rh2 Ng3 27.Bd1 Rf8 28.Nd2 Be5 29.Rg2 Rc3+
30.Bc2 Nf1 31.Rxe5 dxe5 32.Ne4 Ne3  0-1

[Event "XV PRO AM Open"]
[Site "Villa Martelli ARG"]
[Date "2008.10.13"]
[Round "4"]
[White "Mareco,S"]
[Black "Della Morte,G"]
[Result "1-0"]
[WhiteElo "2481"]
[BlackElo "2366"]

1.d4 Nf6 2.c4 g6 3.Nc3 Bg7 4.e4 O-O 5.Be2 d6 6.Nf3 e5 7.Be3 Ng4 8.Bg5 f6
9.Bh4 g5 10.Bg3 Nh6 11.d5 Nd7 12.Nd2 f5 13.exf5 Nf6 14.Bd3 Bxf5 15.Bxf5 Nxf5
16.Nde4 h6 17.O-O Qe8 18.Qd3 Nh5 19.c5 a6 20.Rfe1 Qg6 21.Nd2 Rf7 22.Nce4 Nf4
23.Bxf4 gxf4 24.Nf3 Kh8 25.Rac1 Rg8 26.Kh1 Bf6 27.Rg1 h5 28.Rc3 Bd8 29.b4 Nh6
30.Qe2 Ng4 31.Rc2 Rfg7 32.Nfd2 Bh4 33.Rc3 Rh7 34.a4 Rh6 35.c6 bxc6 36.Rxc6 Qg7
37.Rc3 Rg6 38.Rh3 f3 39.Nxf3 Be7 40.Rxh5+ Rh6 41.Rxh6+ Qxh6 42.h3 Qh7 43.Nfd2 Qh4
44.Rc1 Bd8 45.Rc4 Nh6 46.Ng3 Qf6 47.Qf3 Qg7 48.Qh5 Rf8 49.Nde4 Kh7 50.Rc6 Qg8
51.Qd1 Rf4 52.Rxa6 Qg6 53.Qe2 Nf5 54.Nxf5 Qxf5 55.f3 Rh4 56.Rc6 Qf7 57.Qd3 Kh8
58.a5  1-0

[Event "1st WMSG Blitz Team w KO"]
[Site "Beijing CHN"]
[Date "2008.10.14"]
[Round "1.2"]
[White "Zhao Xue"]
[Black "Topel,Z"]
[Result "1-0"]
[WhiteElo "2518"]
[BlackElo "2214"]

1.d4 Nf6 2.c4 g6 3.Nc3 Bg7 4.e4 d6 5.Nf3 O-O 6.Be2 e5 7.Be3 Nc6 8.d5 Ne7
9.Nd2 Ne8 10.c5 f5 11.f3 f4 12.Bf2 Rf7 13.Nc4 g5 14.g4 fxg3 15.hxg3 Ng6 16.cxd6 Nxd6
17.Ne3 a6 18.Rh2 b5 19.Qc2 Qf6 20.O-O-O b4 21.Na4 Nb5 22.Nc4 g4 23.fxg4 Nd4
24.Bxd4 exd4 25.Kb1 Ne5 26.Nxe5 Qxe5 27.Rg2 Bd7 28.Nc5 Bb5 29.Ne6 c6 30.Nxg7 Rxg7
31.dxc6 Bxe2 32.Qxe2 Rc8 33.Qc4+ Kh8 34.Rxd4 Rxg4 35.Rgd2 Qc7 36.Rd7 Qe5
37.Rd8+ Rg8 38.Qxg8+  1-0

[Event "1st WMSG Rapid Team"]
[Site "Beijing CHN"]
[Date "2008.10.14"]
[Round "1"]
[White "Kojima,S"]
[Black "Likavsky,T"]
[Result "0-1"]
[WhiteElo "2272"]
[BlackElo "2498"]

1.Nf3 g6 2.c4 Bg7 3.Nc3 d6 4.d4 Nd7 5.e4 e5 6.Be2 Ngf6 7.O-O O-O 8.Be3 c6
9.Qc2 Qe7 10.d5 c5 11.Nd2 Ne8 12.a3 b6 13.b4 f5 14.f3 f4 15.Bf2 g5 16.Nb3 Ndf6
17.bxc5 bxc5 18.Na5 Kh8 19.Rab1 g4 20.fxg4 Nxg4 21.Bxg4 Bxg4 22.Rb7 Qg5 23.Kh1 f3
24.g3 Bc8 25.Rb2 Bh3 26.Rfb1 Nf6 27.Nc6 Ng4 28.Kg1 Qh5 29.Nb5 Nxh2 30.Nxd6 Ng4
31.Nf5 Rxf5 32.exf5 Bg2  0-1

[Event "1st WMSG Rapid Team"]
[Site "Beijing CHN"]
[Date "2008.10.14"]
[Round "1"]
[White "Ghane,S"]
[Black "Atabayev,M"]
[Result "0-1"]
[WhiteElo "2408"]
[BlackElo "2159"]

1.d4 Nf6 2.Nf3 g6 3.c4 Bg7 4.Nc3 O-O 5.e4 d6 6.Be2 e5 7.O-O Nbd7 8.Qc2 c6
9.Rd1 Qc7 10.h3 Re8 11.Be3 exd4 12.Nxd4 Nc5 13.f3 a5 14.Nb3 Nxb3 15.axb3 d5
16.Bd3 dxe4 17.Nxe4 Nxe4 18.fxe4 Bxh3 19.Qf2 Be6 20.Bb6 Qe5 21.Ra2 h5 22.Rda1 Qd6
23.Bc2 a4 24.Bc5 Qe5 25.Bb6 Ra6 26.Be3 axb3 27.Rxa6 bxa6 28.Bxb3 Qxe4 29.Rxa6 Bxc4
30.Bxc4 Qxc4 31.Ra3 Rxe3 32.Rxe3 Bd4 33.Kh2 Bxe3 34.Qxe3 Qd5 35.Qe7 Kg7 36.b4 Qe6
37.Qc5 Kf6 38.Qf2+ Ke7 39.Qa7+ Kf6 40.Qf2+ Qf5 41.Qb6 Qd5 42.Qf2+ Ke6 43.Qb6 f6
44.Qb7 Kf5 45.Qc8+ Kg5 46.Qf8 h4 47.Qc8 Qd6+ 48.Kh1 f5 49.Qb7 Kg4 50.Qf7 Kg5
51.Qb3 Qe5 52.Qc4 Qe1+ 53.Kh2 Qe4 54.Qc3 Kg4 55.Qh3+ Kh5 56.Qc3 g5 57.Qh8+ Kg4
58.Qc3 Qd5 59.Qe3 Kh5 60.Qe8+ Kg4 61.Qe2+ Kf4 62.Qf2+ Ke5 63.Qe3+ Kf6 64.Qd2 Qxd2  0-1

[Event "1st WMSG Rapid Team"]
[Site "Beijing CHN"]
[Date "2008.10.15"]
[Round "3"]
[White "Kojima,S"]
[Black "Kaabi,M"]
[Result "1/2-1/2"]
[WhiteElo "2272"]
[BlackElo "2334"]

1.Nf3 Nf6 2.c4 g6 3.Nc3 Bg7 4.e4 d6 5.d4 O-O 6.Be2 e5 7.Be3 Na6 8.O-O exd4
9.Nxd4 Re8 10.f3 c6 11.Qd2 Nc7 12.Rad1 d5 13.cxd5 cxd5 14.Ndb5 Be6 15.e5 Nd7
16.Nd6 Rf8 17.f4 f6 18.Nxb7 Qe7 19.exf6 Bxf6 20.Bf3 Kh8 21.Rfe1 Qf7 22.Nc5 Nxc5
23.Bxc5 Rfd8 24.Bd4 Kg8 25.g3 a5 26.Bxf6 Qxf6 27.Re5 Rab8 28.Nxd5 Bxd5 29.Bxd5+ Nxd5
30.Rxd5 Re8 31.b3 a4 32.Rd6 Qf5 33.b4 a3 34.Rd7 Qf6 35.Qd5+ Kh8 36.Qd4 Qxd4+
37.R1xd4 Re2 38.Rd8+ Rxd8 39.Rxd8+ Kg7 40.Ra8 Rxa2 41.b5 Rb2 42.Rxa3 Rxb5
43.Kg2 h5 44.Ra6 Rb2+ 45.Kh3 Rc2 46.Kh4 Rc5 47.h3 Rc4 48.Re6 Kh6 49.Rf6 Rd4
50.g4 hxg4 51.Kxg4 Kg7 52.Ra6 Kh6 53.h4 Rd5 54.Re6 Rb5 55.Re5 Rb1 56.Re7 Rg1+
57.Kf3 Rf1+ 58.Kg3 Rg1+ 59.Kf3  1/2-1/2

[Event "1st WMSG Rapid Team w"]
[Site "Beijing CHN"]
[Date "2008.10.15"]
[Round "3"]
[White "Yanik,E"]
[Black "Salman,Ma"]
[Result "0-1"]
[WhiteElo "2049"]
[BlackElo "2112"]

1.d4 d6 2.Nf3 Nf6 3.c4 g6 4.Nc3 Bg7 5.e4 Nbd7 6.Be2 O-O 7.O-O e5 8.d5 Nc5
9.Qc2 a5 10.Bg5 h6 11.Be3 b6 12.Bxc5 bxc5 13.Rfe1 Ne8 14.Nb5 f5 15.exf5 gxf5
16.a4 Qf6 17.Rab1 e4 18.Nd2 Qg5 19.Nb3 f4 20.Qd2 e3 21.Qd1 Bh3 22.Bf3 Bxg2  0-1

[Event "1st WMSG Rapid Team w"]
[Site "Beijing CHN"]
[Date "2008.10.16"]
[Round "7"]
[White "Schuurman,P"]
[Black "Tsiganova,M"]
[Result "0-1"]
[WhiteElo "2324"]
[BlackElo "2208"]

1.d4 Nf6 2.c4 g6 3.Nc3 Bg7 4.e4 d6 5.Nf3 O-O 6.Be2 e5 7.Be3 Nbd7 8.O-O exd4
9.Nxd4 Nc5 10.Qc2 Re8 11.f3 a5 12.Rad1 Bd7 13.Rfe1 Nh5 14.Bf1 Qf6 15.Nd5 Qd8
16.Nb5 Bxb5 17.cxb5 Ne6 18.Qd2 Nf6 19.Nc3 Nd7 20.Na4 b6 21.Bc4 Ne5 22.Bd5 Rb8
23.h3 Qh4 24.f4 Nd7 25.Bc6 Re7 26.Nc3 Nf6 27.e5 dxe5 28.fxe5 Nh5 29.Nd5 Bxe5
30.Nxe7+ Qxe7 31.Bf2 Qf6 32.Qc2 Bxb2 33.Rd7 Be5 34.Qe4 Bd6 35.Qc4 Rf8 36.Bd5 Nc5
37.Rxf7 Rxf7 38.Bd4 Qf4 39.Bxf7+ Qxf7 40.Re8+ Bf8 41.Qxf7+ Kxf7 42.Rc8 Ne6
43.Be5 Bc5+ 44.Kf1 Ke7 45.Rh8 Nf6 46.Ke2 h5 47.Kd3 Bd6 48.Bxf6+ Kxf6 49.Kc4 Nf4
50.g4 Kg7 51.Rd8 Nxh3 52.gxh5 gxh5 53.Kd5 Ng5 54.Kc6 Nf7 55.Re8 h4 56.Re4 h3
57.Rg4+ Kf6 58.Rh4 h2 59.Kd5 Kg5 60.Rh7 Nh6 61.Rg7+ Kh5 62.Kd4  0-1

[Event "1st WMSG Rapid Team"]
[Site "Beijing CHN"]
[Date "2008.10.16"]
[Round "8"]
[White "Amir,K"]
[Black "Annaberdiev,M"]
[Result "0-1"]
[WhiteElo "2265"]
[BlackElo "2444"]

1.d4 Nf6 2.c4 g6 3.Nc3 Bg7 4.e4 d6 5.Nf3 O-O 6.Be2 e5 7.Be3 Ng4 8.Bg5 Qe8
9.h3 f6 10.hxg4 fxg5 11.dxe5 dxe5 12.Nxg5 h6 13.Qd5+ Kh8 14.O-O-O Nc6 15.Nb5 Qe7
16.Nf3 Rd8 17.g5 Rxd5 18.cxd5 Nd4 19.Nbxd4 exd4 20.gxh6 Bf6 21.Bd3 Bg4 22.e5 Bxf3
23.gxf3 Qxe5 24.Kb1 Re8 25.a3 Qxd5 26.Rhg1 g5 27.f4 Rg8 28.h7 Rg7 29.fxg5 Rxg5
30.Rge1 Qd7 31.f4 Rg3 32.Bc2 d3 33.Bb3 Rg2 34.Bg8  0-1

[Event "24th ECC"]
[Site "Kallithea GRE"]
[Date "2008.10.17"]
[Round "1"]
[White "Maksimenko,An"]
[Black "Filipovic,SJ"]
[Result "1-0"]
[WhiteElo "2536"]
[BlackElo "2230"]

1.Nf3 Nf6 2.c4 g6 3.Nc3 Bg7 4.e4 d6 5.d4 O-O 6.Be2 Na6 7.O-O e5 8.Be3 h6
9.dxe5 Ng4 10.Bd2 Nxe5 11.Nd4 Qh4 12.Be3 Nc5 13.f3 f5 14.exf5 gxf5 15.g3 Qd8
16.Qd2 f4 17.Bxf4 Rxf4 18.Qxf4 Bh3 19.Rfd1 Qd7 20.Qh4 Ng6 21.Qh5 Nf4 22.gxf4 Bxd4+
23.Kh1 Bg7 24.Rg1 Bf5 25.b4 Na6 26.Nd5 Kh8 27.Rae1 Rg8 28.Nf6 Qe6 29.Nxg8 Kxg8
30.Bd3 Qxe1 31.Rxe1 Bxd3 32.Re8+ Kh7 33.f5  1-0

[Event "24th ECC"]
[Site "Kallithea GRE"]
[Date "2008.10.17"]
[Round "1"]
[White "Lichmann,P"]
[Black "Ochsner,B"]
[Result "1-0"]
[WhiteElo "2389"]
[BlackElo "1974"]

1.d4 Nf6 2.c4 g6 3.Nc3 Bg7 4.e4 d6 5.Nf3 O-O 6.Be2 e5 7.O-O Na6 8.Be3 Ng4
9.Bg5 Qe8 10.h3 f6 11.Bc1 Nh6 12.Rb1 exd4 13.Nxd4 c6 14.Bf4 Nf7 15.Re1 Nc5
16.Bf1 a5 17.Qd2 Qe7 18.Rbd1 Rd8 19.Qc2 Ne5 20.Be3 Be6 21.b3 Bf7 22.f4 Ned7
23.g3 Ne6 24.Nf3 Ndc5 25.Bg2 Qc7 26.h4 Rab8 27.h5 Nf8 28.hxg6 hxg6 29.f5 Na6
30.Qf2 b5 31.cxb5 cxb5 32.Nd5 Bxd5 33.exd5 Re8 34.Nd4 Qf7 35.Bf4 Qd7 36.g4 Rbc8
37.Qg3 Nb4 38.Rxe8 Rxe8 39.a3 Na6 40.Bxd6 Qa7 41.Kh2 b4 42.axb4 Nxb4 43.Nc6 Qd7
44.Bxb4 axb4 45.d6 gxf5 46.Ne7+ Rxe7 47.dxe7 Qxe7 48.gxf5 Nd7 49.Bd5+ Kf8
50.Be6 Ne5 51.Rc1  1-0

[Event "XV PRO AM Open"]
[Site "Villa Martelli ARG"]
[Date "2008.10.18"]
[Round "9"]
[White "Di Benedetto,G"]
[Black "Yakisich,M"]
[Result "1/2-1/2"]
[WhiteElo "2312"]
[BlackElo "1926"]

1.d4 Nf6 2.c4 g6 3.Nc3 Bg7 4.e4 d6 5.Nf3 O-O 6.Be2 Nbd7 7.O-O e5 8.Be3 Ng4
9.Bg5 f6 10.Bh4 Nh6 11.d5 Nf7 12.Ne1 g5 13.Bg3 Nh8 14.Bg4 Nc5 15.Bxc8 Qxc8
16.b4 Nd7 17.Nd3 a5 18.a3 b6 19.Qc2 Qb7 20.c5 dxc5 21.bxc5 Nxc5 22.Nxc5 bxc5
23.Na4 Qa6 24.Nxc5 Qd6 25.Rfc1 Rfc8 26.Nb7 Qa6 27.Qc6 Qxc6 28.Rxc6 Ra7 29.Rb1 Nf7
30.Rcc1 Bf8 31.Nc5 c6 32.Ne6 Bxa3 33.Rxc6 Raa8 34.f3 Rcb8 35.Rxb8+ Rxb8 36.Ra6 Rb1+
37.Kf2 Nd6  1/2-1/2

[Event "92nd ch-Marshall CC"]
[Site "New York USA"]
[Date "2008.10.19"]
[Round "5"]
[White "Rohde,M"]
[Black "Hulse,B"]
[Result "1-0"]
[WhiteElo "2467"]
[BlackElo "2224"]

1.Nf3 Nf6 2.c4 g6 3.Nc3 Bg7 4.e4 d6 5.d4 O-O 6.Be2 e5 7.Be3 Ng4 8.Bg5 f6
9.Bd2 Nh6 10.Qc2 c5 11.dxc5 dxc5 12.Rd1 Bd7 13.Be3 b6 14.Qd3 Nf7 15.h4 Be6
16.Qxd8 Rxd8 17.Nd5 Rd7 18.h5 gxh5 19.Rxh5 Nc6 20.Nh2 Nd4 21.Bg4 Re8 22.f3 Nd6
23.Bxe6+ Rxe6 24.b3 f5 25.exf5 N6xf5 26.Ng4 Rf7 27.Nc3 Rg6 28.Bf2 Ne6 29.Ne4 Nf4
30.Rd8+ Bf8 31.Rh2 Rxg4 32.fxg4 Nd4 33.Be3 Nfe6 34.Re8 Nc2+ 35.Ke2 Nxe3 36.Kxe3 Nd4
37.g5  1-0

[Event "24th ECC"]
[Site "Kallithea GRE"]
[Date "2008.10.20"]
[Round "4"]
[White "Van Wely,L"]
[Black "Georgiev,Kr"]
[Result "1-0"]
[WhiteElo "2618"]
[BlackElo "2453"]

1.d4 Nf6 2.c4 g6 3.Nc3 Bg7 4.e4 d6 5.Nf3 O-O 6.Be2 e5 7.O-O Qe8 8.dxe5 dxe5
9.b4 Bg4 10.b5 Bxf3 11.Bxf3 Qe6 12.Nd5 Rc8 13.Nxf6+ Qxf6 14.Be3 h5 15.Rb1 Bf8
16.Rb3 a6 17.a4 axb5 18.axb5 Rd8 19.Rd3 Rxd3 20.Qxd3 Qd6 21.Qd5 Qxd5 22.exd5 Nd7
23.d6 Bxd6 24.Bxb7 Ra4 25.Bc6 Nb8 26.c5 Be7 27.Bd5 Rb4 28.b6 c6 29.Bf3 Na6
30.Bxc6 Nxc5 31.Bxc5 Bxc5 32.b7 Rb2 33.Rc1 Kg7 34.Kf1 Bd4 35.Bd5 e4 36.Rc7 Rxf2+
37.Ke1 Rb2 38.Rxf7+ Kh6 39.Bxe4 Be5 40.h3 Rb4 41.Bd5 g5 42.Re7 Bg3+ 43.Ke2 g4
44.hxg4 hxg4 45.Kd3 Kg5 46.Kc3 Rb5 47.Kc4 Rb2 48.Rf7 Be5 49.Be4 Kh4 50.Re7 Bf4
51.Rg7 Be5 52.Rg8 Kg3 53.Bf3  1-0

[Event "WYCC Boys U18"]
[Site "Vung Tau City VIE"]
[Date "2008.10.20"]
[Round "1"]
[White "Schiendorfer,E"]
[Black "Saric,Iv"]
[Result "0-1"]
[WhiteElo "2240"]
[BlackElo "2516"]

1.d4 Nf6 2.c4 g6 3.Nc3 Bg7 4.e4 d6 5.Nf3 O-O 6.Be2 e5 7.O-O Na6 8.Be3 Ng4
9.Bg5 Qe8 10.c5 h6 11.Bh4 exd4 12.Nd5 g5 13.Bxa6 gxh4 14.Be2 Qd8 15.Nxd4 dxc5
16.Nb3 Nf6 17.Nxc5 b6 18.Nxf6+ Qxf6 19.Nd3 Ba6 20.e5 Qf5 21.f4 Rad8 22.Rf3 Rd4
23.Qf1 Rfd8 24.Nc1 Rd1 25.Qxd1 Rxd1+ 26.Bxd1 Qe4 27.Kf2 Qd4+ 28.Ke1 Qxb2  0-1

[Event "WYCC Girls U16"]
[Site "Vung Tau City VIE"]
[Date "2008.10.20"]
[Round "1"]
[White "Pavlidou,E"]
[Black "Anu,B"]
[Result "1-0"]
[WhiteElo "2139"]
[BlackElo "1826"]

1.d4 Nf6 2.c4 g6 3.Nc3 Bg7 4.e4 d6 5.Nf3 O-O 6.Be2 e5 7.Be3 Ng4 8.Bg5 f6
9.Bh4 Nc6 10.h3 exd4 11.Nxd4 Nxd4 12.Qxd4 Ne5 13.f4 Nc6 14.Qd2 Qe8 15.O-O f5
16.exf5 Bxf5 17.Bf2 a6 18.Nd5 Qd7 19.Bf3 Rae8 20.Rae1 b5 21.cxb5 axb5 22.Rc1 Be4
23.Nxc7 Bxf3 24.Nxe8 Rxe8 25.gxf3 d5 26.Kg2 d4 27.Rfe1 Rf8 28.Qc2 Na5 29.Qc7 Qxc7
30.Rxc7 d3 31.Rd1 Rd8 32.Bb6 Ra8 33.Bxa5 Rxa5 34.Rxd3 Bf8 35.Rd8 Ra4 36.Kg3 Ra6
37.Rcc8 Rf6 38.Rxf8+ Rxf8 39.Rxf8+ Kxf8 40.f5 gxf5 41.Kf4 b4  1-0

[Event "24th ECC"]
[Site "Kallithea GRE"]
[Date "2008.10.21"]
[Round "5"]
[White "Galopoulos,N"]
[Black "Heimann,An"]
[Result "0-1"]
[WhiteElo "2262"]
[BlackElo "2428"]

1.d4 Nf6 2.c4 g6 3.Nc3 Bg7 4.e4 d6 5.Nf3 O-O 6.Be2 e5 7.Be3 Nc6 8.d5 Ne7
9.Nd2 Nd7 10.b4 f5 11.f3 Nf6 12.c5 Nh5 13.g3 fxe4 14.fxe4 Nf4 15.O-O Bh3
16.Rf2 Nxe2+ 17.Qxe2 Qd7 18.Rxf8+ Bxf8 19.Nc4 Bg7 20.a4 Rf8 21.Na5 b6 22.c6 Qc8
23.Nc4 Bg4 24.Qd3 Rf3 25.Rf1 Rxf1+ 26.Qxf1 Bh3 27.Qf2 Qg4 28.Bd2 h5 29.a5 Qc8
30.Bg5 Qe8 31.Qe2 Kh7 32.Nb5 Nxc6 33.dxc6 Qxc6 34.Nba3 b5 35.Nb2 a6 36.Qc2 Qd7
37.Nd3 Qg4 38.Nxb5 Qf3  0-1

[Event "24th ECC"]
[Site "Kallithea GRE"]
[Date "2008.10.21"]
[Round "5"]
[White "Klimov,S"]
[Black "Cabezas Ayala,I"]
[Result "1-0"]
[WhiteElo "2521"]
[BlackElo "2374"]

1.d4 Nf6 2.c4 g6 3.Nc3 Bg7 4.e4 d6 5.Nf3 O-O 6.Be2 e5 7.O-O Nbd7 8.Be3 Ng4
9.Bg5 f6 10.Bd2 Nh6 11.Qc2 Nf7 12.Rad1 c6 13.Be3 Qe7 14.b4 Re8 15.d5 Bh6
16.Bxh6 Nxh6 17.dxc6 bxc6 18.c5 dxc5 19.b5 Nb8 20.bxc6 Nxc6 21.Qa4 Bb7 22.Nd5 Qg7
23.Ba6 Kh8 24.Nxf6 Red8 25.Nd7 Bxa6 26.Qxa6 Nd4 27.Ndxe5 Re8 28.Nxd4 cxd4
29.f4 Rad8 30.Qc6 Rc8 31.Qa4 g5 32.Qxd4 gxf4 33.Nc4 Rf8 34.h3 Rc6 35.Qxg7+ Kxg7
36.Ne5 Re6 37.Rd5 Nf7 38.Nd7 Rfe8 39.Rxf4 Rxe4 40.Rf3 Ne5 41.Ra3 Ng6 42.Rxa7 R8e7
43.Rda5 Re2 44.Nc5 Rxa7 45.Rxa7+ Kh6 46.Kf1 Rc2 47.Ne6 Nh4 48.g4 Nf3 49.Rf7 Nh2+
50.Kg1  1-0

[Event "WYCC Boys U18"]
[Site "Vung Tau City VIE"]
[Date "2008.10.21"]
[Round "2"]
[White "Guilleux,F"]
[Black "Rajapakse,R"]
[Result "0-1"]
[WhiteElo "2396"]
[BlackElo "1646"]

1.Nf3 Nf6 2.c4 g6 3.Nc3 Bg7 4.e4 d6 5.d4 O-O 6.Be2 e5 7.Be3 Na6 8.O-O c6
9.d5 Ng4 10.Bg5 f6 11.Bh4 c5 12.Ne1 Nh6 13.Nc2 b6 14.Ne3 Qd7 15.g4 f5 16.gxf5 gxf5
17.exf5 Nxf5 18.Nxf5 Qxf5 19.Be7 Rf7 20.Bh4 Qh3 21.Bg3 Bf5 22.Bd3 Nb4 23.Bxf5 Qxf5
24.Qe2 Nc2 25.Rad1 Nd4 26.Qe4 Qh5 27.f4 Raf8 28.fxe5 Nf3+ 29.Kh1 Nd2 30.Rxd2 Rxf1+
31.Kg2 Bxe5 32.Qe3 Qg6 33.Rd1 R1f3 34.Qxf3 Rxf3 35.Kxf3 Bxc3 36.bxc3 Qh5+  0-1

[Event "Masters"]
[Site "Can Picafort ESP"]
[Date "2008.10.22"]
[Round "4"]
[White "Mellado Trivino,J"]
[Black "Movsziszian,K"]
[Result "1/2-1/2"]
[WhiteElo "2434"]
[BlackElo "2558"]

1.d4 Nf6 2.c4 g6 3.Nc3 Bg7 4.e4 d6 5.Nf3 O-O 6.Be2 e5 7.dxe5 dxe5 8.Qxd8 Rxd8
9.Bg5 Re8 10.Nd5 Nxd5 11.cxd5 c6 12.Bc4 cxd5 13.Bxd5 Na6 14.O-O-O Nc7 15.Bb3 Be6
16.Bxe6 Nxe6 17.Be3 f5 18.Kb1 b6 19.Rhe1 Rad8 20.Ng5 Nf8 21.Nf3 Ne6 22.Ng5 Nf8
23.Nf3 Ne6 24.Ng5  1/2-1/2

[Event "TCh-CHN Torch Real Estate Cup"]
[Site "Jiangsu Wuxi CHN"]
[Date "2008.10.22"]
[Round "10"]
[White "Zhao Xue"]
[Black "Tan Zhongyi"]
[Result "1-0"]
[WhiteElo "2523"]
[BlackElo "2353"]

1.d4 Nf6 2.c4 g6 3.Nf3 Bg7 4.Nc3 O-O 5.e4 d6 6.Be2 e5 7.Be3 Ng4 8.Bg5 f6
9.Bh4 Nc6 10.d5 Ne7 11.Nd2 Nh6 12.f3 c5 13.a3 g5 14.Bf2 f5 15.h3 Ng6 16.g4 fxg4
17.hxg4 Nf4 18.Rh2 Qf6 19.Be3 Bd7 20.Qb3 Rab8 21.a4 Nf7 22.O-O-O Nh8 23.Kc2 Nhg6
24.Rdh1 h6 25.Bd1 Qd8 26.Nf1 b5 27.axb5 a6 28.Ng3 axb5 29.cxb5 Nh4 30.Nf5 Nxf5
31.gxf5 Bxb5 32.Nxb5 Qd7 33.Qc4 Rxb5 34.Bd2 Qb7 35.Bc3 Qa6 36.Kc1 Qa1+ 37.Kd2 Rfb8
38.Bc2 Qa7 39.b3 Qf7 40.Ra1 h5 41.Kc1 Bh6 42.Kb2 Kh7 43.Rhh1 R5b7 44.Ra6 Rb6
45.Rha1 Rxa6 46.Qxa6 Bf8 47.Rg1 Be7 48.Qa7 Rf8 49.Rh1 h4 50.Bd2 Qf6 51.Qa6 Rf7
52.Bd3 Bf8 53.Bb5 Qe7 54.Rg1 Kh6 55.Bc6 Qa7 56.Qc4 Qb6 57.Ra1 Ra7 58.Ba4 Qa6
59.Qxa6 Rxa6 60.Rh1 Rb6 61.Kc2 Be7 62.Bd7 Kg7 63.Rh2 Rb8 64.Bc6 Kf6 65.Be3 Bd8
66.Bd2 Bb6 67.b4 c4 68.Kc3 Bg1 69.Rh1 Ne2+ 70.Kxc4 Bd4 71.b5 Ng3 72.Rh3 Bb6
73.Bb4 Bc7 74.Rh2 Rh8 75.Kd3 Ke7 76.Bd2 Kf6 77.Be1 Nh5 78.Bf2 Nf4+ 79.Kd2 Rb8
80.Ba7 Rh8 81.Ke3 h3 82.Kf2 Ba5 83.b6 Bc3 84.b7 Bd4+ 85.Bxd4 exd4 86.Rh1 d3
87.Ke3 Ke5 88.Ra1 h2 89.Rh1 g4 90.fxg4 Rh3+ 91.Kd2 Rh8 92.Bd7 Rb8 93.Bc8 Kxe4
94.Rxh2 Nxd5 95.Rh7 Nb6 96.Rc7 d5 97.f6 Nc4+ 98.Ke1 Ke3 99.Re7+ Kd4 100.f7 d2+
101.Ke2  1-0

[Event "24th ECC"]
[Site "Kallithea GRE"]
[Date "2008.10.22"]
[Round "6"]
[White "Khmelniker,I"]
[Black "Kozul,Z"]
[Result "1-0"]
[WhiteElo "2443"]
[BlackElo "2593"]

1.d4 Nf6 2.c4 d6 3.Nc3 Nbd7 4.e4 e5 5.Nf3 g6 6.Be2 Bg7 7.O-O O-O 8.Qc2 c6
9.d5 c5 10.Bg5 Qc7 11.Ne1 Kh8 12.Nd3 Ng8 13.Bd2 f5 14.b4 b6 15.Rab1 Ndf6
16.f3 Bh6 17.bxc5 bxc5 18.Bxh6 Nxh6 19.Qd2 f4 20.Nxf4 exf4 21.Qxf4 Kg7 22.Nb5 Qa5
23.Qxd6 Qxa2 24.Rfe1 Bd7 25.e5 Bxb5 26.exf6+ Rxf6 27.Qe7+ Nf7 28.Rxb5 a5
29.Qxc5 Qd2 30.Qf2 Nd6 31.Rd1 Qc3 32.Rbb1 Ne4 33.Rb7+ Kf8 34.Qh4 Qe3+ 35.Kf1 g5
36.Qe1 a4 37.Bd3 Qxe1+ 38.Kxe1 Nc5 39.Rxh7 Ra5 40.Bb1 a3 41.d6 Re6+ 42.Kf1 a2
43.Bxa2 Rxa2 44.d7  1-0

[Event "LiraH Autumn"]
[Site "Lichtenrade GER"]
[Date "2008.10.22"]
[Round "5"]
[White "Schmalzried,V"]
[Black "Schlueter,Be"]
[Result "1/2-1/2"]
[WhiteElo "1815"]
[BlackElo "2076"]

1.c4 Nf6 2.Nc3 g6 3.d4 d6 4.e4 Bg7 5.Nf3 O-O 6.Be2 e5 7.dxe5 dxe5 8.Qxd8 Rxd8
9.Bg5 Re8 10.Nd5 Nxd5 11.cxd5 c6 12.O-O-O cxd5 13.exd5 Nd7 14.Rhe1 f5 15.Bc4 e4
16.Nd4 Ne5 17.Bb5 Bd7 18.Kb1 h6 19.Be3 Bxb5 20.Nxb5 Nd3 21.Re2 Red8 22.Bxa7 Rac8
23.d6 Rc6 24.f3 Rdc8 25.a3 Rc1+ 26.Rxc1 Rxc1+ 27.Ka2 Rc8 28.Rd2 Be5 29.Bb6 Bxd6
30.Nxd6 Rc6 31.Nxe4 Nc1+ 32.Kb1 fxe4 33.fxe4 Nb3 34.Rd8+ Kf7 35.Rd7+ Ke6
36.Rxb7 Nd2+ 37.Ka2 Nxe4 38.Be3 Rc2 39.Bxh6 Rxg2 40.Bf4 g5 41.Bb8 Nc5 42.Rb6+ Kd5
43.Rg6 Na4 44.Kb3 Nc5+ 45.Kc3 Ne4+  1/2-1/2

[Event "WYCC Boys U16"]
[Site "Vung Tau City VIE"]
[Date "2008.10.22"]
[Round "4"]
[White "Shimanov,A"]
[Black "Jorczik,J"]
[Result "1/2-1/2"]
[WhiteElo "2476"]
[BlackElo "2382"]

1.Nf3 Nf6 2.c4 g6 3.Nc3 Bg7 4.e4 d6 5.d4 O-O 6.Be2 e5 7.Be3 Nbd7 8.O-O Re8
9.Qc2 a5 10.Rfd1 exd4 11.Nxd4 c6 12.f3 Qe7 13.Bf2 Bh6 14.Bf1 Ne5 15.Na4 Qc7
16.Nb3 Nfd7 17.c5 dxc5 18.Nbxc5 Nf8 19.Nb3 Ned7 20.Nd2 Ne6 21.Nc4 b5 22.Nab6 Nxb6
23.Nxb6 Rb8 24.Nxc8 Rexc8 25.a4 Bg7 26.axb5 cxb5 27.Qxc7 Nxc7 28.Rxa5 Bxb2
29.Bg3 Rb6 30.Ra7 Ne6 31.Bf2 Rbb8 32.Rb1 Bd4 33.Bxd4 Nxd4 34.Rd7 Rd8 35.Rxd8+ Rxd8
36.Bxb5 Nxb5 37.Rxb5 h5 38.Rb2 Kg7 39.Kf2 Rd7 40.Ke3 Re7 41.g3 Kf8 42.f4 Ra7
43.Rb6 Kg7 44.Rb2 Re7 45.Kf3 Rc7 46.e5 Re7 47.Rb6 Ra7 48.Rd6 Ra3+ 49.Kg2 Ra7
50.Rd2 Re7 51.Rd6 Ra7 52.Kh3 Re7 53.Kh4 Kh6 54.Rf6 Ra7 55.Rb6 Re7 56.Rc6 Rb7
57.Rf6 Ra7 58.h3 Re7 59.Rd6 Re8 60.Rd7 Rxe5 61.Rxf7 Rf5 62.Re7 Rf6 63.Re5 Rf5
64.Re6 Rf7 65.Re5 Rf5 66.Re4 Rf6 67.g4 Rxf4 68.Rxf4 g5+ 69.Kg3 gxf4+  1/2-1/2